000 00580nam a2200229 a 4500
001 nice12345678
003 IN_TiNIC
005 20260116014408.0
008 131008s2002 newa grp 000 0 eng
020 _a9780451528308
_c399
082 0 0 _a190
_bWOL
100 _aWolff, Robert Paul
245 _aTen Great Works of Philosophy
260 _aNewyork, USA
_bSignet Classic
_c2002
300 _a574p
500 _aincludes index and biblioraphy
650 _aPhilosophy-Western
700 1 _aWolff, Robert Paul
902 _bSRS
942 _cBK
999 _c15105
_d15105